| 000 | 00429nam a2200145Ia 4500 | ||
|---|---|---|---|
| 005 | 20260328101529.0 | ||
| 008 | 260328s9999||||xx |||||||||||||| ||und|| | ||
| 100 | _aBailly, Antoine S. | ||
| 245 | 0 |
_aLa Percepcion del Espacio Urbano : _bconceptos,metodos de Estudios y su utilizacion Urbanistica / _cAntoine S. Bailly |
|
| 250 | _aOriginal | ||
| 260 | _bNuevo Urbanismo | ||
| 300 | _a326 p. | ||
| 650 | _aURBANISMO | ||
| 942 | _cBK | ||
| 999 |
_c9904 _d9904 |
||